000 00846nam a2200205 a 4500
001 000326041
003 AM-YeHGA
005 20250617153550.0
008 040412s1884 ru b r 000 0 rus d
040 _aAM-YeHGA
041 0 _arus
100 1 _aКишмишев, Степан Осипович,
_d1833-1897
245 1 0 _aВойна в Турецкой Армении, 1877-1878 гг. /
_cСоч. Ген. штаба ген.-майора С.О. Кишмишева.
260 _aСанкт-Петербург :
_bВоенная типография,
_c1884.
300 _aIX, 509 с. ;
_c26 см.
650 1 4 _aРусско-турецкая война
_y1877-1878 гг.
653 0 _aВоенное дело - История войн, военной науки и военного искусства
942 _2udc
_cBK
090 _c395949
999 _c393915
_d393915